[Event "Muscat-ch op"]
[Site "Muscat"]
[Date "2024.12.28"]
[Round "4"]
[White "Akshobhya, Damodar Katti"]
[Black "Balanandan, Ayyappan"]
[Result "0-1"]
[WhiteElo "1602"]
[BlackElo "1779"]
[PlyCount "98"]
[EventDate "2024.12.26"]
[EventType "swiss"]
[EventRounds "9"]
[EventCountry "OMN"]
[SourceTitle "CB01_2025"]
[SourceDate "2025.01.01"]
[SourceVersion "1"]
[SourceVersionDate "2025.01.01"]
[SourceQuality "1"]

1. e4 c5 2. c3 Nf6 3. e5 Nd5 4. d4 cxd4 5. cxd4 d6 6. f4 Nc6 7. Nf3 g6 8. Bc4 dxe5 9. fxe5 Nb6 10. Bb3 Bg7 11. 0-0 0-0 12. Nc3 Bg4 13. Be3 Qd7 14. Qd2 Rad8 15. Rad1 Na5 16. Bh6 Nxb3 17. axb3 Be6 18. Ne4 Bxb3 19. Nc5 Qb5 20. Ra1 Bd5 21. Bxg7 Kxg7 22. Ra5 Qc6 23. Qf4 Bxf3 24. Rxf3 Nd5 25. Qg4 b6 26. Ra6 Nc7 27. e6 Nxa6 28. Nd7 Qxe6 29. Qxe6 fxe6 30. Nxf8 Rxf8 31. Ra3 Nb4 32. Rxa7 Nd5 33. h3 Rc8 34. b4 Rc4 35. g4 Rxb4 36. g5 Rxd4 37. h4 Rxh4 38. Kf2 b5 39. Ke2 b4 40. Rb7 Rh2+ 41. Kf3 b3 42. Kg4 b2 43. Kg3 Rc2 44. Kf3 Kf7 45. Ke4 b1Q 46. Rb2 Rxb2+ 47. Ke5 Re2+ 48. Kd4 Qb4+ 49. Kd3 Qe4# 0-1

[Event "Qatar Masters op-B"]
[Site "Doha"]
[Date "2024.12.12"]
[Round "9"]
[White "Balanandan, Ayyappan"]
[Black "Rakan, Dasa"]
[Result "1-0"]
[WhiteElo "1779"]
[BlackElo "1997"]
[PlyCount "93"]
[EventDate "2024.12.03"]
[EventType "swiss"]
[EventRounds "9"]
[EventCountry "QAT"]
[SourceTitle "CB51_2024"]
[SourceDate "2024.12.18"]
[SourceVersion "1"]
[SourceVersionDate "2024.12.18"]
[SourceQuality "1"]

1. d4 d5 2. Bf4 e6 3. Nf3 Bd6 4. Bg3 Nf6 5. e3 Nbd7 6. Bd3 Bxg3 7. hxg3 c5 8. c3 Qc7 9. Nbd2 b6 10. e4 dxe4 11. Nxe4 Nxe4 12. Bxe4 Bb7 13. Qe2 0-0-0 14. a4 a6 15. Bxb7+ Kxb7 16. 0-0 h6 17. b4 c4 18. Nd2 Rc8 19. Qf3+ Qc6 20. Qxf7 Rcf8 21. Qxg7 Rfg8 22. Qe7 Kc8 23. b5 Qd5 24. Qb4 h5 25. Qxc4+ Qxc4 26. Nxc4 h4 27. gxh4 Rxh4 28. g3 Nf6 29. Kg2 Ne4 30. Rfe1 Kc7 31. Re3 Nf6 32. Rxe6 Nd5 33. Rc6+ Kb7 34. Re1 Rh7 35. Re5 Nf4+ 36. Kf3 Nh3 37. Rxb6+ Kc7 38. Rc5+ Kd7 39. Ne5+ Ke7 40. Rc7+ Kd8 41. Rxh7 Ng5+ 42. Ke3 Nxh7 43. Rb8+ Kc7 44. Rxg8 axb5 45. Rg7+ Kd6 46. Rxh7 bxa4 47. f4 1-0

[Event "Qatar Masters op-B"]
[Site "Doha"]
[Date "2024.12.09"]
[Round "6"]
[White "Balanandan, Ayyappan"]
[Black "Eman, Sawan"]
[Result "1-0"]
[WhiteElo "1779"]
[BlackElo "1996"]
[PlyCount "93"]
[EventDate "2024.12.03"]
[EventType "swiss"]
[EventRounds "9"]
[EventCountry "QAT"]
[SourceTitle "CB51_2024"]
[SourceDate "2024.12.18"]
[SourceVersion "1"]
[SourceVersionDate "2024.12.18"]
[SourceQuality "1"]

1. d4 Nf6 2. Nc3 d5 3. Bf4 Bf5 4. e3 e6 5. Nf3 Bd6 6. Ne5 Nbd7 7. Be2 h5 8. Bd3 Bxd3 9. cxd3 Bxe5 10. dxe5 Ng4 11. d4 g5 12. Bg3 Qe7 13. h3 Nh6 14. Qxh5 0-0-0 15. 0-0-0 Nf5 16. Qf3 Nb6 17. Kb1 Kb8 18. Ka1 Qb4 19. a3 Qb3 20. Qe2 Nc4 21. Rd3 Qb6 22. Rc1 Qa6 23. Qc2 Nb6 24. Na2 Rc8 25. Rc3 Nc4 26. Nb4 Qa5 27. Nd3 Nxg3 28. fxg3 Nxe3 29. Qf2 Nc4 30. Nc5 Ka8 31. Qxf7 Rce8 32. Nxe6 Qb6 33. Nxc7+ Kb8 34. Rxc4 dxc4 35. Nxe8 Qc6 36. Nd6 b5 37. d5 Qb6 38. Qd7 a6 39. Qc6 Qxc6 40. dxc6 Kc7 41. Re1 Kxc6 42. Nf7 Re8 43. h4 gxh4 44. gxh4 a5 45. h5 b4 46. h6 c3 47. bxc3 1-0

[Event "Wch U10 blitz"]
[Site "Batumi"]
[Date "2023.06.10"]
[Round "6"]
[White "Guo, Ethan"]
[Black "Balanandan, Ayyappan"]
[Result "0-1"]
[WhiteElo "1867"]
[BlackElo "1461"]
[PlyCount "70"]
[EventDate "2023.06.10"]
[EventType "swiss (blitz)"]
[EventRounds "11"]
[EventCountry "GEO"]
[SourceTitle "EXT 2024"]
[Source "ChessBase"]
[SourceDate "2023.10.10"]
[SourceVersion "1"]
[SourceVersionDate "2023.10.10"]
[SourceQuality "1"]
[WhiteTeam "United States"]
[BlackTeam "Indien"]
[WhiteTeamCountry "USA"]
[BlackTeamCountry "IND"]

1. e4 d6 2. d4 Nf6 3. Bd3 g6 4. Nf3 Bg7 5. 0-0 Nbd7 6. c3 e5 7. Nbd2 0-0 8. Re1 c6 9. h3 Qc7 10. Nf1 h6 11. Qc2 Re8 12. Ng3 Nf8 13. Be3 g5 14. Nd2 Ng6 15. Bf1 Nf4 16. Rad1 Kh8 17. Nc4 b5 18. dxe5 dxe5 19. Nd6 Be6 20. Nxe8 Rxe8 21. Bc5 Nd7 22. Bd6 Qc8 23. a4 a6 24. axb5 axb5 25. c4 bxc4 26. Bxc4 Nf8 27. Bxe6 N8xe6 28. Nf5 Nd4 29. Nxd4 exd4 30. e5 Qb7 31. b4 c5 32. Qe4 Qxb4 33. Qc6 Rg8 34. Qxc5 Qb7 35. f3 Qb2 0-1

[Event "Wch U10 rapid"]
[Site "Batumi"]
[Date "2023.06.08"]
[Round "8"]
[White "Babeikin, Kiryl"]
[Black "Balanandan, Ayyappan"]
[Result "0-1"]
[WhiteElo "1309"]
[BlackElo "1514"]
[PlyCount "126"]
[EventDate "2023.06.06"]
[EventType "swiss (rapid)"]
[EventRounds "11"]
[EventCountry "GEO"]
[SourceTitle "EXT 2024"]
[Source "ChessBase"]
[SourceDate "2023.10.10"]
[SourceVersion "1"]
[SourceVersionDate "2023.10.10"]
[SourceQuality "1"]
[WhiteTeam "FIDE"]
[BlackTeam "Indien"]
[BlackTeamCountry "IND"]

1. e4 d6 2. d4 Nf6 3. Nc3 g6 4. g3 Bg7 5. Bg2 0-0 6. Nge2 Nbd7 7. 0-0 c6 8. h3 Qc7 9. Be3 Re8 10. g4 e5 11. Ng3 h6 12. Qd2 g5 13. Nf5 Nf8 14. Rad1 Bxf5 15. gxf5 Nh5 16. d5 c5 17. Nb5 Qe7 18. c4 Nf4 19. b4 a6 20. Na3 b6 21. bxc5 bxc5 22. Rb1 Reb8 23. f3 Nh7 24. Qa5 Nf6 25. Rb6 Kh7 26. Rfb1 Qc7 27. Bd2 Rxb6 28. Rxb6 Rb8 29. Rxb8 Qxb8 30. Bxf4 exf4 31. Qxa6 Qb2 32. Qxd6 Qxa3 33. e5 Nh5 34. f6 Bh8 35. Qf8 Qc1+ 36. Kh2 Bxf6 37. exf6 Kg6 38. Qxc5 Ng3 39. d6 Qd2 40. d7 Nf1+ 41. Kg1 Ne3 42. Bf1 Qe1 43. Qxe3 Qxe3+ 44. Kg2 Qd2+ 45. Kg1 Qxd7 46. c5 Qc6 47. Bd3+ Kxf6 48. Be4 Qxc5+ 49. Kg2 Ke5 50. a4 Qa5 51. h4 Qxa4 52. h5 Qxe4 53. fxe4 Kxe4 54. Kf2 f3 55. Kf1 Ke3 56. Ke1 f2+ 57. Kf1 f5 58. Kg2 Ke2 59. Kh2 f1Q 60. Kg3 Qf3+ 61. Kh2 Qg4 62. Kh1 Kf2 63. Kh2 Qxh5# 0-1

[Event "Wch U10 rapid"]
[Site "Batumi"]
[Date "2023.06.08"]
[Round "9"]
[White "Bulgak, Damir"]
[Black "Balanandan, Ayyappan"]
[Result "1-0"]
[WhiteElo "1836"]
[BlackElo "1514"]
[PlyCount "103"]
[EventDate "2023.06.06"]
[EventType "swiss (rapid)"]
[EventRounds "11"]
[EventCountry "GEO"]
[SourceTitle "EXT 2024"]
[Source "ChessBase"]
[SourceDate "2023.10.10"]
[SourceVersion "1"]
[SourceVersionDate "2023.10.10"]
[SourceQuality "1"]
[WhiteTeam "FIDE"]
[BlackTeam "Indien"]
[BlackTeamCountry "IND"]

1. e4 d6 2. d4 Nf6 3. Nc3 g6 4. h3 Bg7 5. Nf3 0-0 6. Be3 c6 7. a4 Nbd7 8. Qd2 e5 9. dxe5 dxe5 10. Bc4 Qc7 11. 0-0 Nh5 12. Rad1 Nf4 13. Bb3 b6 14. Qd6 Qb7 15. Ng5 h6 16. Nxf7 Rxf7 17. Qe7 Nd5 18. Qe8+ Rf8 19. exd5 Kh7 20. Qe7 Nf6 21. Qa3 Bd7 22. d6 Rae8 23. a5 b5 24. Qc5 a6 25. f3 Rd8 26. Na2 Bc8 27. Nb4 Bd7 28. Qb6 Qxb6 29. Bxb6 Rb8 30. Nxa6 Ra8 31. Nc5 Rfe8 32. a6 Reb8 33. Bc7 Re8 34. g4 Rf8 35. Be6 Bxe6 36. Nxe6 Rfe8 37. Nxg7 Kxg7 38. d7 Nd5 39. dxe8Q Rxe8 40. Rxd5 cxd5 41. a7 e4 42. Bb8 e3 43. a8Q e2 44. Re1 d4 45. Qb7+ Kf6 46. Bf4 Re6 47. Bxh6 Re7 48. Bg5+ Kxg5 49. Qxe7+ Kf4 50. Qe4+ Kg3 51. g5 Kxh3 52. Qg4# 1-0

[Event "Wch U10 rapid"]
[Site "Batumi"]
[Date "2023.06.07"]
[Round "6"]
[White "Guo, Ethan"]
[Black "Balanandan, Ayyappan"]
[Result "0-1"]
[WhiteElo "2011"]
[BlackElo "1514"]
[PlyCount "140"]
[EventDate "2023.06.06"]
[EventType "swiss (rapid)"]
[EventRounds "11"]
[EventCountry "GEO"]
[SourceTitle "EXT 2024"]
[Source "ChessBase"]
[SourceDate "2023.10.10"]
[SourceVersion "1"]
[SourceVersionDate "2023.10.10"]
[SourceQuality "1"]
[WhiteTeam "United States"]
[BlackTeam "Indien"]
[WhiteTeamCountry "USA"]
[BlackTeamCountry "IND"]

1. e4 d6 2. d4 Nf6 3. Nc3 g6 4. Be3 Bg7 5. Qd2 c6 6. Nf3 Qc7 7. h3 Nbd7 8. Bd3 e5 9. 0-0 0-0 10. Rad1 Re8 11. Rfe1 Nf8 12. Bf1 Nh5 13. a4 a5 14. d5 c5 15. Bb5 Rd8 16. Qd3 h6 17. Qd2 g5 18. h4 f6 19. Be2 Nf4 20. Bxf4 exf4 21. Nb5 Qe7 22. Qd3 g4 23. Nh2 h5 24. g3 f3 25. Bf1 Ng6 26. Qd2 Ne5 27. b3 Kh7 28. Bd3 Bh6 29. Qc3 b6 30. Nf1 Nxd3 31. Qxd3 Qe5 32. Ne3 Bxe3 33. Qxe3 Bd7 34. Na3 Rab8 35. Nc4 Qe7 36. Qf4 Bc8 37. Qe3 Ba6 38. Nb2 Qe5 39. Rb1 Re8 40. c4 f5 41. exf5 Qxe3 42. Rxe3 Rxe3 43. fxe3 Re8 44. Re1 Bc8 45. f6 Kg6 46. e4 Kxf6 47. Nd3 Re7 48. Kf2 Bd7 49. Ke3 Re5 50. Kf4 Bf5 51. Nf2 Bg6 52. Nd3 Be8 53. Ke3 Bd7 54. Nf2 Bc8 55. Nd1 Bf5 56. Nc3 Bd7 57. Nd1 Bf5 58. Nf2 Bd7 59. Rd1 Bc8 60. Kf4 Bd7 61. Nd3 Bc8 62. Ke3 Bd7 63. Nf4 Bf5 64. Nxh5+ Kg6 65. Nf4+ Kf7 66. Kf2 Rxe4 67. Rd2 Rd4 68. Rxd4 cxd4 69. Ke1 d3 70. Kd2 f2 0-1